| Tag |
First Indicator |
Second Indicator |
Subfields |
| LEADER |
00000cam a22000008a 4500 |
| 001 |
in00001047621 |
| 005 |
20150929084433.0 |
| 008 |
910410s1991 ilu b 001 0 eng |
| 010 |
|
|
|a 91014057
|
| 020 |
|
|
|a 0226657337 (cl)
|
| 035 |
|
|
|a (OCoLC)23693417
|
| 035 |
|
|
|9 AFK5959AM
|
| 040 |
|
|
|a DLC
|c DLC
|d MUM
|d TXA
|d UtOrBLW
|
| 043 |
|
|
|a n-us---
|
| 049 |
|
|
|a TXAM
|
| 050 |
0 |
0 |
|a PS325
|b .P38 1991
|
| 082 |
0 |
0 |
|a 811/.5409
|2 20
|
| 100 |
1 |
|
|a Perloff, Marjorie.
|
| 245 |
1 |
0 |
|a Radical artifice :
|b writing poetry in the age of media /
|c Marjorie Perloff.
|
| 263 |
|
|
|a 9112
|
| 264 |
|
1 |
|a Chicago :
|b University of Chicago Press,
|c 1991.
|
| 300 |
|
|
|a xvi, 248 pages :
|b illustrations ;
|c 24 cm.
|
| 336 |
|
|
|a text
|b txt
|2 rdacontent
|
| 337 |
|
|
|a unmediated
|b n
|2 rdamedia
|
| 338 |
|
|
|a volume
|b nc
|2 rdacarrier
|
| 504 |
|
|
|a Includes bibliographical references and index.
|
| 650 |
|
0 |
|a American poetry
|y 20th century
|x History and criticism.
|
| 650 |
|
0 |
|a Experimental poetry, American
|x History and criticism.
|
| 650 |
|
0 |
|a Mass media and literature
|z United States.
|
| 650 |
|
0 |
|a Avant-garde (Aesthetics)
|z United States.
|
| 650 |
|
0 |
|a Experimental poetry
|x Authorship.
|
| 650 |
|
0 |
|a Radicalism in literature.
|
| 650 |
|
0 |
|a Poetics.
|
| 999 |
|
|
|a MARS
|
| 999 |
f |
f |
|s 7587f0ee-fb7e-3f59-a922-bde70e72ac19
|i cd84c953-3d62-35f9-a8de-0ca787db4d67
|t 0
|
| 952 |
f |
f |
|p normal
|a Texas A&M University
|b College Station
|c Sterling C. Evans Library
|s Evans stk
|d Evans: Library Stacks
|t 0
|e PS325 .P38 1991
|h Library of Congress classification
|i unmediated -- volume
|m A14815604191
|
| 998 |
f |
f |
|a PS325 .P38 1991
|t 0
|l Evans: Library Stacks
|